| 000 | 00445nam a2200169Ia 4500 | ||
|---|---|---|---|
| 008 | 180921t2018 xxu||||| |||| 00| 1 sin d | ||
| 041 | _asin | ||
| 080 |
_aX8C31 _bRAJ |
||
| 100 | _aRajakarunanayaka, Thiranjani Sunethra | ||
| 245 | _aමියුරු හඬ | ||
| 246 | _aMiyuru Handa | ||
| 260 |
_bVidarshana Publishers _aDehiwala _c2018 |
||
| 300 | _a291p., 20cm | ||
| 942 | _cBK | ||
| 999 |
_c8033 _d8033 |
||
| 003 | LK-CoDNM | ||
| 040 |
_aLK-CoDNM _dLK-CoDNM _eLK-CoDNM |
||